000 00760nam a2200217Ia 4500
008 240729s9999 xx 000 0 und d
022 _a2775-5584
245 0 _aInternational Journal of Informatics, Information System and Computer Engineering
260 _aIndonesia
260 _bUniversitas Komputer Indonesia
650 _a Computer engineering. Computer hardware
650 _a Electrical engineering. Electronics. Nuclear engineering
650 _a Electronics
650 _a Industrial engineering. Management engineering
650 _a Information technology | Technology
650 _a Technology (General)
650 _aTechnology
856 _uhttps://doaj.org/toc/96c3b4f4614f48c5a420ab92eff55017
942 _2ddc
942 _cDOAJEJ
999 _c66715
_d66715
945 _a1
_bMadushi Gamage
_c1
_dMadushi Gamage